| 000 | 01418cam a22002054a 4500 | ||
|---|---|---|---|
| 005 | 20250605164407.0 | ||
| 008 | 250528s ||||||||||||||||||||||||d | ||
| 035 | _a24862 | ||
| 020 | _a9781473903937 | ||
| 040 |
_aGR-AtMCL _bgre _dGR-AtMCL _eAACR2 |
||
| 245 | 1 | _aWriting Your Master's Thesis / From A to Zen | |
| 250 | _a1st | ||
| 260 |
_bSage Publications, _c2017 |
||
| 300 | _a206 | ||
| 520 | _aThis book is many things: interactive, multi-dimensional, technical, philosophical, and incredibly witty. Preface, Acknowledgements, Your Master's Thesis and You: Moving Towards Academic Zen, The Process, From Topic to Question to Design: Planning Your Journey, Ethics: Making Good Choices, You are What You Read: Building a Foundation of Knowledge, Writing as Thinking: From Rough Draft to Final Document, Supervision and Guidance: Getting Help along the Way, The Product, Structure and Argument: What's the Logic of Your Story?, Your Introduction: How to Fit into the Conversation?, Your Theoretical and Conceptual Framework: What Ideas are You Using?, Your Method: What Did You Do to answer Your Question?, Your Results and Analysis: What Are You Building Your Argument on?, Your Discussion and Conclusion: So What Does all This Mean?, The Finishing Touches: Polishing and Submitted Your Work, Bibliography, Index. | ||
| 700 | 1 |
_aNygaard Lynn P _99604 |
|
| 942 | _cBK | ||
| 999 |
_c9699 _d9699 |
||